asdfghjkl - Statistics

General Stats
  • This quiz has been taken 465 times
  • The average score is 2 of 9
Answer Stats
Hint Answer % Correct
1 asdfghjkl
98%
2 sdfghjkla
41%
3 dfghjklas
33%
4 fghjklasd
24%
5 ghjklasdf
18%
6 hjklasdfg
10%
7 jklasdfgh
3%
8 klasdfghj
2%
9 lasdfghjk
2%
No matching quizzes found
Score Distribution
Percent of People with Each Score
Percentile by Number Answered
Your Score History
You have not taken this quiz